000 00520nam a2200181 i 4500
001 86034
003 ES-MaACL
005 20230906175348.0
007 t|
008 041207s1968 sp ||||1| spa d
100 1 _aKennedy, Robert F.
_967847
245 1 3 _aEl enemigo en casa /
_cRobert F. Kennedy ; traducción de J. Ferrer Aleu.
250 _a[1ª ed.].
260 _aBarcelona :
_bPlaza Janés,
_c[1968]
300 _a362 p. ;
_c22 cm.
700 1 _aFerrer Aleu, J.
_950442
852 _aES-MaACL
_jC-34584
_bR.66939
999 _c86034
_d86034